banner-ar

لورانس العرب / (Record no. 50640)

MARC details
000 -الفاتح
حقل البيانات ثابتة الطول 00442nam a2200157Ia 4500
008 - عناصر البيانات ثابتة الطول - معلومات عامة
حقل البيانات ثابتة الطول 140319s9999 xx 000 0 ara d
040 ## - مصدر الفهرسة
وكالة الفهرسة الأصلية GCL /
وكالة النسخ GCL
082 04 - رقم تصنيف ديوى العشرى
رقم التصنيف 923.1
رقم المادة ر ل
100 1# - المدخل الرئيسى - إسم شخصى
الإسم الشخصى رؤوف سلامه موسى
245 10 - بيان العنوان
العنوان لورانس العرب /
بيان المسئوليه,etc رؤوف سلامه موسى
300 ## - الوصف المادى
التعداد 107 ص
490 ## - بيان السلسلة
عنوان السلسلة سلسلة اعلام ومشاهير
رقم المجلد/ التعيين التسلسلي 0
650 04 - المدخل الاضافى بالموضوع-مصطلح موضوعى
مصطلح موضوعي لورانس العرب
942 ## - عناصر المدخل الإضافي( كوها)
مصدر التصنيف او مخطط الترفيف Dewey Decimal Classification
Koha [default] item type كتاب
Holdings
حالة التراجع حالة الفقد حالة تلف ليس للاعارة المكان المؤقت الموقع الحالى تاريخ الاكتساب اجمالي اﻻعارات رقم الطلب الباركود تاريخ اخر مشاهدة تاريخ تفعيل السعر نوع وعاء كوها
        مكتبة القاهرة الكبرى مكتبة القاهرة الكبرى 03/26/2014   923.1\ر ل 121486 03/26/2014 03/26/2014 كتاب

Powered By

EGPV